| 000 | 00385nam a2200157Ia 4500 | ||
|---|---|---|---|
| 003 | Ost | ||
| 005 | 20260225132558.0 | ||
| 008 | 260225s9999||||xx |||||||||||||| ||und|| | ||
| 040 | _cfsic | ||
| 041 | _afre | ||
| 082 | _a302.23 | ||
| 100 |
_akhiati mostapha _eAuteur |
||
| 245 | 0 | _ala croix rouge internationale et la guerre d'algerie / | |
| 245 | 0 | _ckhiati mostapha | |
| 942 | _cكتاب | ||
| 999 |
_c34579 _d34579 |
||